000
00211nam a22000857a 4500
008
170614b xxu||||| |||| 00| 0 eng d
100
_9
3392
_a
Chandra. R
245
_a
Msthamatics- 6
260
_a
New Delhi
_b
A. P. C
_c
2009
999
_c
6752
_d
6752